Logo BPK

Biblioteka

Politechniki Koszalińskiej

Osnovnye sovremennye napravlenija v matematiceskoj teorii plasticnosti / (Rekord nr 13744)

Szczegóły MARC
000 -ETYKIETA REKORDU
podpole kontrolne o stałej długości 00342nam a2200133 i 4500
001 - NUMER KONTROLNY REKORDU
pole kontrolne bg
040 ## - ŹRÓDŁO KATALOGOWANIA
Instytucja, która utworzyła rekord BPK
041 ## - KOD JĘZYKA
Kod języka tekstu pol
008 - POLE O STAŁEJ DŁUGOŚCI - DANE KONTROLNE
podpole kontrolne o stałej długości s pl f |000 0 pol
100 1# - NAZWA OSOBOWA
Nazwa osobowa KNETS, I. V.
245 #0 - TYTUŁ/ODPOWIEDZIALNOŚĆ
Tytuł Osnovnye sovremennye napravlenija v matematiceskoj teorii plasticnosti /
Pozostałe elementy strefy tytułu i oznaczenia odpowiedzialności I.V. Knets.
260 ## - STREFA ADRESU WYDAWNICZEGO
Miejsce wydania Riga,
Data publikacji, dystrybucji/powstania dokumentu 1971.
856 ## - LOKALIZACJA I DOSTĘP DO ELEKTRONICZNYCH DOKUMENTÓW ZDALNYCH
Link (URL) http://koha.tu.koszalin.pl/cgi-bin/koha/opac-detail.pl?biblionumber=13744
Tekst linku Katalog online BPK
942 ## - DODATKOWE ELEMENTY (KOHA)
Typ dokumentu Książka
Egzemplarze
Wycofany Status egzemplarza Uszkodzony Dostępność Lokalizacja stała Lokalizacja bieżąca Miejsce przechowywania Sygnatura Kod kreskowy Typ dokumentu
      Dostępny Biblioteka Politechniki Koszalińskiej Biblioteka Politechniki Koszalińskiej Wypożyczalnia BG 11182 01754674 Książka
© 2023 Biblioteka Politechniki Koszalińskiej :: KOHA